| 000 | 00541nam a2200193 a 4500 | ||
|---|---|---|---|
| 005 | 20140412111347.0 | ||
| 008 | 050420s19uu xx 00 eng d | ||
| 020 | _a0-02-108501-3 | ||
| 050 |
_aTR(GS 510 _bH65 1991 |
||
| 100 | _aHoffer, Alan R. | ||
| 245 |
_aMathematics in action / _cAlan R. Hoffer, et al. |
||
| 260 |
_aNew York : _bMacmillan/McGraw-Hill, _c1991. |
||
| 300 | _a422 p. ; ill. | ||
| 440 | _aMacmillan/McGraw-Hill | ||
| 650 |
_aMathematics _xStudy and teaching |
||
| 999 |
_c105218 _d105218 |
||